[Event "GER-ch54 V06 email"]
[Site "GER email"]
[Date "2022.05.01"]
[Round "?"]
[White "Jung, Reiner"]
[Black "Amann, Hubert"]
[Result "0-1"]
[WhiteElo "2129"]
[BlackElo "2161"]
[PlyCount "22"]
[EventDate "2022.05.01"]
[EventType "tourn (corr)"]
[EventRounds "10"]
[EventCountry "GER"]
[SourceTitle "Corr 2024"]
[Source "ChessBase"]
[SourceDate "2023.10.19"]
[SourceVersion "1"]
[SourceVersionDate "2023.10.19"]
[SourceQuality "1"]

1. e4 e5 2. Nf3 Nc6 3. Bb5 Nf6 4. Nc3 Nd4 5. Nxd4 exd4 6. e5 dxc3 7. exf6 Qxf6 8. dxc3 Bc5 9. 0-0 0-0 10. a4 Re8 11. Qd2 c6 0-1

[Event "GER-ch54 V06 email"]
[Site "GER email"]
[Date "2022.05.01"]
[Round "?"]
[White "Ries, Berthold"]
[Black "Amann, Hubert"]
[Result "1/2-1/2"]
[WhiteElo "2111"]
[BlackElo "2161"]
[PlyCount "57"]
[EventDate "2022.05.01"]
[EventType "tourn (corr)"]
[EventRounds "10"]
[EventCountry "GER"]
[SourceTitle "Corr 2024"]
[Source "ChessBase"]
[SourceDate "2023.10.19"]
[SourceVersion "1"]
[SourceVersionDate "2023.10.19"]
[SourceQuality "1"]

1. e4 c5 2. Nf3 d6 3. d4 cxd4 4. Nxd4 Nf6 5. Nc3 a6 6. Be3 e5 7. Nb3 Be6 8. f3 h5 9. Nd5 Bxd5 10. exd5 Nbd7 11. Qd2 g6 12. Be2 Bg7 13. 0-0 b6 14. Rad1 h4 15. Qb4 Qc7 16. f4 h3 17. fxe5 Nxe5 18. gxh3 b5 19. Bg5 Nh7 20. Bc1 Nf6 21. Nd4 0-0 22. Qb3 Rae8 23. Kh1 Qc5 24. h4 Nc4 25. Qf3 Qxd5 26. Qxd5 Nxd5 27. Bxc4 bxc4 28. Nf5 gxf5 29. Rxd5 1/2-1/2

[Event "GER-ch51 final email"]
[Site "GER email"]
[Date "2021.01.18"]
[Round "?"]
[White "Droessler, Uwe"]
[Black "Amann, Hubert"]
[Result "1/2-1/2"]
[WhiteElo "2324"]
[BlackElo "2404"]
[PlyCount "73"]
[EventDate "2021.??.??"]
[EventType "tourn (corr)"]
[EventRounds "14"]
[EventCountry "GER"]
[SourceTitle "Corr 2022"]
[Source "ChessBase"]
[SourceDate "2021.10.24"]
[SourceVersion "1"]
[SourceVersionDate "2021.10.24"]
[SourceQuality "1"]

1. e4 e5 2. Nf3 Nc6 3. Bb5 Nf6 4. 0-0 Nxe4 5. d4 Nd6 6. Bxc6 dxc6 7. dxe5 Nf5 8. Qxd8+ Kxd8 9. Nc3 Bd7 10. h3 h6 11. b3 b6 12. Bb2 Kc8 13. Rad1 c5 14. Nd5 a5 15. a4 c4 16. g4 Ne7 17. Nf4 cxb3 18. cxb3 Nc6 19. Rfe1 Be8 20. e6 Kb7 21. Ne5 Nxe5 22. Bxe5 f6 23. Bc3 Bc5 24. Kg2 h5 25. Nxh5 Bxh5 26. gxh5 Rxh5 27. Re4 Rf5 28. f4 Bd6 29. b4 Re8 30. bxa5 bxa5 31. h4 Rc5 32. Rd3 Kc6 33. Kf3 f5 34. Ree3 g6 35. Bf6 Rc4 36. Rc3 Rxc3 37. Rxc3+ 1/2-1/2

[Event "GER-ch50 final email"]
[Site "GER email"]
[Date "2020.04.12"]
[Round "?"]
[White "Amann, Hubert"]
[Black "Huber, Martin Christian"]
[Result "1/2-1/2"]
[WhiteElo "2406"]
[BlackElo "2351"]
[PlyCount "45"]
[EventDate "2020.??.??"]
[EventType "tourn (corr)"]
[EventRounds "14"]
[EventCountry "GER"]
[SourceTitle "Corr 2022"]
[Source "ChessBase"]
[SourceDate "2021.10.24"]
[SourceVersion "1"]
[SourceVersionDate "2021.10.24"]
[SourceQuality "1"]

1. e4 e5 2. Nf3 Nc6 3. Bb5 Nf6 4. d3 Bc5 5. c3 d5 6. exd5 Qxd5 7. Bc4 Qd6 8. b4 Bb6 9. a4 0-0 10. Nbd2 Bf5 11. Ba3 e4 12. dxe4 Nxe4 13. Nxe4 Bxe4 14. Qxd6 cxd6 15. 0-0-0 Rac8 16. Bd5 Bxd5 17. Rxd5 Ne5 18. Nxe5 dxe5 19. Kb2 Rfd8 20. Rxe5 Rxc3 21. Rd1 Rcc8 22. Rxd8+ Rxd8 23. Re2 1/2-1/2

[Event "GER-ch50 final email"]
[Site "GER email"]
[Date "2020.04.12"]
[Round "?"]
[White "Amann, Hubert"]
[Black "Kuhne, Detlev"]
[Result "1/2-1/2"]
[WhiteElo "2406"]
[BlackElo "2453"]
[PlyCount "50"]
[EventDate "2020.??.??"]
[EventType "tourn (corr)"]
[EventRounds "14"]
[EventCountry "GER"]
[SourceTitle "Corr 2022"]
[Source "ChessBase"]
[SourceDate "2021.10.24"]
[SourceVersion "1"]
[SourceVersionDate "2021.10.24"]
[SourceQuality "1"]

1. e4 c5 2. Nf3 d6 3. d4 cxd4 4. Nxd4 Nf6 5. Nc3 a6 6. Be3 e5 7. Nf3 Be7 8. Bc4 0-0 9. 0-0 Be6 10. Bb3 Nc6 11. Qe2 Qc7 12. Rfd1 Rac8 13. h3 Na5 14. Bg5 Nc4 15. Nd5 Bxd5 16. Bxf6 Bxf6 17. Rxd5 Nxb2 18. a4 Nc4 19. a5 Be7 20. Nd2 Nxd2 21. Rxd2 g6 22. Ra2 Rb8 23. Bd5 Bd8 24. Rd3 Kg7 25. Rb3 Qc5 1/2-1/2

[Event "GER-ch50 final email"]
[Site "GER email"]
[Date "2020.04.12"]
[Round "?"]
[White "Schoenbeck, Hilmar"]
[Black "Amann, Hubert"]
[Result "1/2-1/2"]
[WhiteElo "2289"]
[BlackElo "2406"]
[PlyCount "55"]
[EventDate "2020.??.??"]
[EventType "tourn (corr)"]
[EventRounds "14"]
[EventCountry "GER"]
[SourceTitle "Corr 2022"]
[Source "ChessBase"]
[SourceDate "2021.10.24"]
[SourceVersion "1"]
[SourceVersionDate "2021.10.24"]
[SourceQuality "1"]

1. e4 e5 2. Nf3 Nc6 3. Bb5 Nf6 4. d3 Bc5 5. c3 0-0 6. 0-0 d6 7. Nbd2 Ne7 8. d4 exd4 9. cxd4 Bb6 10. Re1 Bg4 11. h3 Bh5 12. Qb3 d5 13. e5 Nd7 14. a4 a5 15. g4 Bg6 16. Nf1 Be4 17. e6 Bxf3 18. exd7 Be4 19. Ng3 c6 20. Nxe4 dxe4 21. Rxe4 Qxd7 22. Bc4 Nd5 23. Bg5 h6 24. Bh4 Bc7 25. Rae1 g5 26. Bg3 Bxg3 27. Qxg3 Rae8 28. Rxe8 1/2-1/2

[Event "GER-ch50 V06 email"]
[Site "GER email"]
[Date "2018.05.15"]
[Round "?"]
[White "Balzert, Antonius"]
[Black "Amann, Hubert"]
[Result "1/2-1/2"]
[WhiteElo "2316"]
[BlackElo "2402"]
[PlyCount "80"]
[EventDate "2018.??.??"]
[EventType "tourn (corr)"]
[EventRounds "10"]
[EventCountry "GER"]
[SourceTitle "Corr 2022"]
[Source "ChessBase"]
[SourceDate "2021.10.24"]
[SourceVersion "1"]
[SourceVersionDate "2021.10.24"]
[SourceQuality "1"]

1. e4 e5 2. Nf3 Nc6 3. Bb5 a6 4. Ba4 Nf6 5. d3 b5 6. Bb3 Bc5 7. Nc3 d6 8. Nd5 h6 9. c3 0-0 10. 0-0 Rb8 11. Nxf6+ Qxf6 12. h3 Ne7 13. d4 Bb6 14. Bc2 c5 15. d5 c4 16. Be3 Bxe3 17. fxe3 Bd7 18. Qe1 Nc8 19. Nh4 Qd8 20. Nf5 a5 21. Rf3 Kh7 22. Qg3 Bxf5 23. exf5 Qf6 24. e4 Nb6 25. Qe1 Nd7 26. b4 axb4 27. cxb4 Qd8 28. a4 bxa4 29. Rxa4 Qb6+ 30. Kh2 Ra8 31. Ra5 Rxa5 32. bxa5 Qc5 33. Ba4 Nf6 34. Bc6 Qd4 35. Ra3 Nxe4 36. f6 g5 37. Qb1 Kg8 38. Qc1 Nxf6 39. a6 Nxd5 40. a7 Nc7 1/2-1/2